Normal view
MARC view
- MANAGEMENT-HUMAN RESOUCES
Entry Topical Term
001 - CONTROL NUMBER
- control field: 76358
003 - CONTROL NUMBER IDENTIFIER
- control field: NUST
005 - DATE AND TIME OF LATEST TRANSACTION
- control field: 20210628205630.0
008 - FIXED-LENGTH DATA ELEMENTS
- fixed length control field: 210628|| aca||aabn | a|a d
040 ## - CATALOGING SOURCE
- Original cataloging agency: NUST
- Transcribing agency: NUST
150 ## - HEADING--TOPICAL TERM
- Topical term or geographic name entry element: MANAGEMENT-HUMAN RESOUCES
670 ## - SOURCE DATA FOUND
- Source citation: Work cat.: (NUST): Fisher, Cynthia D Shaw, James B Schoenfeldt, Lyle F 76357, Human resouces management, 1996
